Normal view
MARC view
- Decoration and ornament
Entry Topical Term
001 - CONTROL NUMBER
- control field: 120521
003 - CONTROL NUMBER IDENTIFIER
- control field: NUST
005 - DATE AND TIME OF LATEST TRANSACTION
- control field: 20240215114524.0
008 - FIXED-LENGTH DATA ELEMENTS
- fixed length control field: 240215|| aca||aabn | a|a d
040 ## - CATALOGING SOURCE
- Original cataloging agency: NUST
- Transcribing agency: NUST
150 ## - HEADING--TOPICAL TERM
- Topical term or geographic name entry element: Decoration and ornament
- Geographic subdivision: Great Britain
- General subdivision: History
- Chronological subdivision: 19th century
670 ## - SOURCE DATA FOUND
- Source citation: Work cat.: (NUST): Flores, Carol A. Hrvol, 1944- 120518, Owen Jones :, 2006.
